000 00393nam a2200145 i 4500
001 32367
003 ES-MaACL
007 t|
008 030131s1918 fr ||||1| eng d
100 1 _aBennett, Arnold.
_927731
245 1 4 _aThe pretty lady /
_cArnold Bennett.
260 _aParis :
_b[s.n.,
_c1918] (
_eTours :
_fBarbot et Gallon)
300 _a310 p. ;
_c16 cm.
852 _aES-MaACL
_jB-3796
999 _c32367
_d32367